000
00243nam a2200097Ia 4500
001
1210600
005
20250827024421.0
008
250824s9999 xx 000 0 und d
245
0
_a
YARIM KALAN / C4
_c
ERTÜRK AKŞUN
260
_b
DESTEK YAYINLARI
999
_c
1210600
_d
1210600